=LDR 00000nam 2200000 4500 =001 INLIS000000000028831 =005 20200615084621 =035 ##$$a 0010-061300000028831 =008 200615################g##########0#ind## =041 ##$$a Ind =082 ##$$a 2X4.1 =090 ##$$a 2X4.1, Ass m =100 ##$$a As - Sirjani, Raghib =245 1#$$a Misteri shalat subuh : $b Menyingkkap 1001 hikmah shalat subuh bagi ribadi dan masyarakat /$c Dr.Raghib As - Sirjani; alib bahasa Ahmad Munaji, Lc. =260 ##$$a Solo :$b Aqwam,$c 2007 =300 ##$$a x, 151 hlm, ; $c 20 X 14 cm. =650 #4$$a Shalat Subuh =850 ##$$a NBPNMAT =084 ##$$a 2X4.1 ASS m =250 ##$$a cet.XXII =700 #$$a Ahmad Munaji =990 ##$$a 0001/BPAP-NTB/2016 =990 ##$$a 50710139